<?xml version="1.0" encoding="UTF-8"?><?xml-stylesheet type="text/xsl" href="static/style.xsl"?><OAI-PMH xmlns="http://www.openarchives.org/OAI/2.0/" xmlns:xsi="http://www.w3.org/2001/XMLSchema-instance" xsi:schemaLocation="http://www.openarchives.org/OAI/2.0/ http://www.openarchives.org/OAI/2.0/OAI-PMH.xsd"><responseDate>2026-06-01T15:21:01Z</responseDate><request verb="GetRecord" identifier="oai:riuma.uma.es:10630/25063" metadataPrefix="marc">https://riuma.uma.es/rest/oai/request</request><GetRecord><record><header><identifier>oai:riuma.uma.es:10630/25063</identifier><datestamp>2026-02-03T10:26:59Z</datestamp><setSpec>com_10630_1685</setSpec><setSpec>col_10630_38055</setSpec></header><metadata><record xmlns="http://www.loc.gov/MARC21/slim" xmlns:dcterms="http://purl.org/dc/terms/" xmlns:doc="http://www.lyncode.com/xoai" xmlns:xsi="http://www.w3.org/2001/XMLSchema-instance" xsi:schemaLocation="http://www.loc.gov/MARC21/slim http://www.loc.gov/standards/marcxml/schema/MARC21slim.xsd">
   <leader>00925njm 22002777a 4500</leader>
   <datafield ind2=" " ind1=" " tag="042">
      <subfield code="a">dc</subfield>
   </datafield>
   <datafield ind2=" " ind1=" " tag="720">
      <subfield code="a">Ortuño Roig, Javier</subfield>
      <subfield code="e">author</subfield>
   </datafield>
   <datafield ind2=" " ind1=" " tag="260">
      <subfield code="c">2022-07</subfield>
   </datafield>
   <datafield ind2=" " ind1=" " tag="520">
      <subfield code="a">En los últimos años ha habido un crecimiento en la cantidad de información&#xd;
sobre desarrollo software y junto a este, un incremento de recursos como libros,&#xd;
vídeos y plataformas de e-learning para aprender dichos conocimientos. No obstante,&#xd;
toda esta información se encuentra distribuida por todo internet, lo que&#xd;
dificulta encontrar el recurso de aprendizaje adecuado. Este proyecto intenta centralizar,&#xd;
categorizar y puntuar toda esta información gracias a los usuarios que la&#xd;
usen, consiguiendo así simplificar el proceso de búsqueda de recursos a la hora de&#xd;
aprender nuevos conocimientos sobre alguna tecnología o bloque de contenido.&#xd;
Con este fin se ha desarrollado una aplicación web con tecnologías MERN, donde&#xd;
el almacenamiento se realiza en una base de datos NoSQL, MongoDB, el front-end&#xd;
está construido con la librería React y el back-end con el framework Express de&#xd;
Node.js.</subfield>
   </datafield>
   <datafield ind1="8" ind2=" " tag="024">
      <subfield code="a">https://hdl.handle.net/10630/25063</subfield>
   </datafield>
   <datafield tag="653" ind2=" " ind1=" ">
      <subfield code="a">Aplicaciones informáticas</subfield>
   </datafield>
   <datafield tag="653" ind2=" " ind1=" ">
      <subfield code="a">Aprendizaje automático (Inteligencia artificial)</subfield>
   </datafield>
   <datafield tag="653" ind2=" " ind1=" ">
      <subfield code="a">Informática - Trabajos Fin de Grado</subfield>
   </datafield>
   <datafield tag="653" ind2=" " ind1=" ">
      <subfield code="a">Grado en Ingeniería del Software - Trabajos Fin de Grado</subfield>
   </datafield>
   <datafield ind2="0" ind1="0" tag="245">
      <subfield code="a">Aplicación web para el autoaprendizaje de tecnologías</subfield>
   </datafield>
</record>
</metadata></record></GetRecord></OAI-PMH>